City, class and capital (Record no. 37467)

MARC details
000 -LEADER
fixed length control field 00622nam a2200157 a 4500
008 - FIXED-LENGTH DATA ELEMENTS--GENERAL INFORMATION
fixed length control field 120416s1981 ||||||||||||||||| || u
050 ## - LIBRARY OF CONGRESS CALL NUMBER
Classification number HT 151 Cit
100 ## - MAIN ENTRY--PERSONAL NAME
Personal name Harloe, Michael
245 10 - TITLE STATEMENT
Title City, class and capital
Statement of responsibility, etc. edited by Michael Harloe and Elizabeth Lebas
246 ## - VARYING FORM OF TITLE
Title proper/short title new developments in the political economy of cities and regions
260 ## - PUBLICATION, DISTRIBUTION, ETC.
Place of publication, distribution, etc. London
Name of publisher, distributor, etc. Edward Arnold
Date of publication, distribution, etc. 1981
300 ## - PHYSICAL DESCRIPTION
Extent xxxiii, 188p.
350 ## - PRICE (NR) (BK AM CF MU VM SE) [OBSOLETE]
Price 0.00
700 ## - ADDED ENTRY--PERSONAL NAME
Personal name Lebas, Elizabeth
995 ## - RECOMMENDATION 995 [LOCAL, UNIMARC FRANCE]
-- 0.00
-- CBU-MAIN LIBRARY (Kitwe)
-- 1
-- 0.00
-- 1
-- AVAILABLE
-- Main Library Open Access Collection
Holdings
Withdrawn status Lost status Source of classification or shelving scheme Damaged status Not for loan Home library Current library Shelving location Date acquired Total Checkouts Full call number Barcode Date last seen Price effective from Koha item type
          CBU-MAIN LIBRARY, KITWE. CBU-MAIN LIBRARY, KITWE.   11/30/2022   HT 151 Cit 008243 11/30/2022 11/30/2022 MONOGRAPH